| 000 | 00986nam a2200289Ia 4500 | ||
|---|---|---|---|
| 005 | 20220317001858.0 | ||
| 008 | 170410s2016 c g 000 0 s | ||
| 020 | _a9789585945203 | ||
| 041 | _aspa | ||
| 082 | 0 | 4 |
_a303.69 _bL22i |
| 100 | 1 | _aLederach, John Paul | |
| 245 | 1 | 3 |
_aLa imaginación moral _bel arte y el alma de la construcción de la paz _cJohn Paul Lederach ; traducción Teresa Toda |
| 250 | _a1a. edición | ||
| 300 |
_a350 páginas _c22 cm |
||
| 490 | _aPlural | ||
| 500 | _aIncluye datos biográficos del autor en solapa | ||
| 504 | _aIncluye glosario y bibliografía | ||
| 650 | 1 | 4 |
_2LEMB _aSolución de conflictos _vEnsayos, conferencias, etc |
| 650 | 1 | 4 |
_2LEMB _aPaz _vEnsayos, conferencias, etc |
| 700 | 1 |
_aToda, Teresa _978299 |
|
| 942 |
_2ddc _cBK |
||
| 264 |
_aBogotá _bSemana Libros _c2016 |
||
| 336 |
_atexto _btxt _2rdacontent |
||
| 337 |
_asin mediación _bn _2rdamedia |
||
| 338 |
_avolumen _bnc _2rdacarrier |
||
| 040 |
_aCO-BoRNBP _bspa _erda _cCO-BoRNBP |
||
| 999 |
_c8397 _d8397 |
||